I'm gonna bury you! (Record no. 13638)

000 -LEADER
fixed length control field 00897nam a2200229 a 4500
001 - CONTROL NUMBER
control field :::00011461$&:&@@
003 - CONTROL NUMBER IDENTIFIER
control field OkBaRHE
005 - DATE AND TIME OF LATEST TRANSACTION
control field 20100402115344.0
008 - FIXED-LENGTH DATA ELEMENTS--GENERAL INFORMATION
fixed length control field s1979 j 000 0 eng u
020 ## - INTERNATIONAL STANDARD BOOK NUMBER
International Standard Book Number 0932294057 (pbk.)
040 ## - CATALOGING SOURCE
Transcribing agency
100 1# - MAIN ENTRY--PERSONAL NAME
Personal name Neill, Gene, 1931-
245 10 - TITLE STATEMENT
Title I'm gonna bury you!
Statement of responsibility, etc With forewords by Merlin Carothers and Chaplain Ray.
260 ## - PUBLICATION, DISTRIBUTION, ETC. (IMPRINT)
Place of publication, distribution, etc Dallas, TX., :
Name of publisher, distributor, etc Acclaimed Books
Date of publication, distribution, etc 1979
300 ## - PHYSICAL DESCRIPTION
Extent 206 p. ;
Dimensions 18 cm.
650 ## - SUBJECT ADDED ENTRY--TOPICAL TERM
Topical term or geographic name as entry element Converts
General subdivision United States
-- Biography
650 ## - SUBJECT ADDED ENTRY--TOPICAL TERM
Topical term or geographic name as entry element Neill, Gene, 1931-
942 ## - ADDED ENTRY ELEMENTS (KOHA)
Source of classification or shelving scheme
Koha item type Books
Copies
Price effective from Source of classification or shelving scheme Withdrawn status Damaged status Lost status Barcode Not for loan Date last seen Copy number Full call number Date acquired Shelving location Permanent Location Koha item type
2010-04-14    11461 2010-04-141BV 4935 .N37 A352010-04-14General StacksRHEMA Bible Training CollegeBooks
2010-04-14    15398 2010-04-142BV 4935 .N37 A352010-04-14General StacksRHEMA Bible Training CollegeBooks
2010-04-14    15399 2010-04-143BV 4935 .N37 A352010-04-14General StacksRHEMA Bible Training CollegeBooks